| 000 | 00663cam a2200217 a 4500 | ||
|---|---|---|---|
| 001 | 000001648 | ||
| 005 | 20200929145641.0 | ||
| 008 | 700810s1970 nyu b 001 0 eng | ||
| 040 |
_aDO-SdBNP _bspa _cBNPHU |
||
| 082 |
_a305.42 _bM653s |
||
| 100 | 1 |
_aMillett, Kate. _95378 |
|
| 245 | 1 | 0 |
_aSexual politics / _cKate Millett. |
| 260 |
_aNew York : _bDoubleday & Company, _c1970. |
||
| 300 |
_axii, 393 p. ; _c24 cm. |
||
| 504 | _aBibliografía: p. 364-377. | ||
| 650 | 4 |
_aMujeres _xCondiciones sociales y morales _95379 |
|
| 650 | 4 |
_aRoles sexuales _95380 |
|
| 650 | 4 |
_aMujeresen la literatura _95381 |
|
| 650 | 4 |
_aSexo en la literatura _95382 |
|
| 910 | _aEn proceso | ||
| 999 |
_c1535 _d1535 |
||